| 000 | 00912cam a22003013a 4500 | ||
|---|---|---|---|
| 001 | 21790 | ||
| 003 | PGUSA | ||
| 005 | 20140828083449.0 | ||
| 008 | 070610s2007||||xxu|||||s|||||000 | eng d | ||
| 040 |
_aPGUSA _beng |
||
| 042 | _adc | ||
| 050 | 4 | _aNE | |
| 050 | 4 | _aN | |
| 100 | 1 |
_aCorrozet, Gilles, _d1510-1568 |
|
| 245 | 1 | 4 |
_aThe Dance of Death _h[electronic resource] / _cGilles Corrozet |
| 260 |
_bProject Gutenberg, _c2007 |
||
| 500 | _aThe French quatrains have been attributed to Jean de Vauzelles or to Gilles Corrozet. | ||
| 506 | _aPublic domain in the USA. | ||
| 516 | _aElectronic text | ||
| 653 | _aDance of death | ||
| 653 | _aHolbein, Hans, 1497-1543 | ||
| 700 | 1 |
_aDobson, Austin, _d1840-1921 |
|
| 700 | 1 |
_aHolbein, Hans, _d1497-1543 |
|
| 700 | 1 |
_aLützelburger, Hans, _d-1526 |
|
| 830 | 0 |
_aProject Gutenberg _v21790 |
|
| 856 | 4 | 0 | _uhttp://www.gutenberg.org/ebooks/21790 |
| 942 | _cEB | ||
| 999 |
_c251045 _d251045 |
||